LEADER 01762nas 22005653a 450 001 996199264603316 005 20240413024513.0 035 $a(CKB)111056556590000 035 $a(CONSER)--2003214860 035 $a(EXLCZ)99111056556590000 100 $a20030327b20032018 --- a 101 0 $aeng 181 $ctxt$2rdacontent 182 $cc$2rdamedia 183 $acr$2rdacarrier 200 00$aCorn and soybean digest 210 $aOverland Park, KS $cPrimedia$dİ2003-[2018] 210 21$aNew York, NY :$cPenton Media 210 21$aOverland Park, KS :$cPrism Business Media 210 31$aOverland Park, KS :$cInforma PLC 215 $a1 online resource 300 $aTitle from cover. 311 $aPrint version: Corn and soybean digest. (DLC) 2003214860 (OCoLC)51931719 1544-1644 330 $a"Maximizing production and marketing for profit." 531 $aCORN & SOYBEAN DIGEST 531 0 $aCorn soybean dig. 606 $aCorn$vPeriodicals 606 $aCorn industry$vPeriodicals 606 $aSoybean$vPeriodicals 606 $aSoybean industry$vPeriodicals 606 $aCorn$2fast$3(OCoLC)fst00878993 606 $aCorn industry$2fast$3(OCoLC)fst00879356 606 $aSoybean$2fast$3(OCoLC)fst01127471 606 $aSoybean industry$2fast$3(OCoLC)fst01127552 608 $aInternet resource. 608 $aPeriodicals.$2fast 615 0$aCorn 615 0$aCorn industry 615 0$aSoybean 615 0$aSoybean industry 615 7$aCorn. 615 7$aCorn industry. 615 7$aSoybean. 615 7$aSoybean industry. 676 $a633 906 $aJOURNAL 912 $a996199264603316 920 $aexl_impl conversion 996 $aCorn and soybean digest$92580910 997 $aUNISA LEADER 03504nam 2200661Ia 450 001 9910958662903321 005 20240313031119.0 010 $a9786613909572 010 $a9781283597128 010 $a1283597128 010 $a9780253007551 010 $a0253007550 035 $a(CKB)2670000000241862 035 $a(EBL)1021450 035 $a(OCoLC)811963119 035 $a(SSID)ssj0000745051 035 $a(PQKBManifestationID)11378847 035 $a(PQKBTitleCode)TC0000745051 035 $a(PQKBWorkID)10845479 035 $a(PQKB)11773292 035 $a(MiAaPQ)EBC1021450 035 $a(MdBmJHUP)muse23302 035 $a(Au-PeEL)EBL1021450 035 $a(CaPaEBR)ebr10602445 035 $a(CaONFJC)MIL390957 035 $a(Perlego)2429564 035 $a(EXLCZ)992670000000241862 100 $a20120507d2012 uy 0 101 0 $aeng 135 $aur|||||||nn|n 181 $ctxt 182 $cc 183 $acr 200 00$aAnne Frank unbound $emedia, imagination, memory /$fedited by Barbara Kirshenblatt-Gimblett and Jeffrey Shandler 205 $a1st ed. 210 $aBloomington $cIndiana University Press$d2012 215 $a1 online resource (455 p.) 225 1 $aThe Modern Jewish Experience 300 $a"This volume of essays was developed from ... a colloquium convened in 2005 by the Working Group on Jews, Media, and Religion of the Center for Religion and Media at New York University"--Introd. 311 08$a9780253006615 311 08$a0253006619 320 $aIncludes bibliographical references and index. 327 $aCover; Title; Copyright; Contents; Acknowledgments; Introduction: Anne Frank, the Phenomenon; I. Mediating; 1 From Diary to Book: Text, Object, Structure; 2 Anne Frank from Page to Stage; 3 Anne Frank's Moving Images; II. Remembering; 4 Hauntings of Anne Frank: Sitings in Germany; 5 Teaching Anne Frank in the United States; 6 Anne Frank as Icon, from Human Rights to Holocaust Denial; 7 Anne Frank, a Guest at the Seder; Color Plates; III. Imagining; 8 Literary Afterlives of Anne Frank; 9 Suturing In: Anne Frank as Conceptual Model for Visual Art 327 $a10 Sounds from the Secret Annex: Composing a Young Girl's Thoughts IV. Contesting; 11 Critical Thinking: Scholars Reread the Diary; 12 Anne Frank on Crank: Comic Anxieties; Epilogue: A Life of Its Own-The Anne Frank Tree; Notes; Musicography; Videography; Contributors; Index; 330 $aAs millions of people around the world who have read her diary attest, Anne Frank, the most familiar victim of the Holocaust, has a remarkable place in contemporary memory. Anne Frank Unbound looks beyond this young girl's words at the numerous ways people have engaged her life and writing. Apart from officially sanctioned works and organizations, there exists a prodigious amount of cultural production, which encompasses literature, art, music, film, television, blogs, pedagogy, scholarship, religious ritual, and comedy. Created by both artists and amateurs, these responses to Anne Frank ra 410 0$aModern Jewish experience (Bloomington, Ind.) 606 $aJews$zNetherlands$xHistory$vCongresses 615 0$aJews$xHistory 676 $a940.53/18092 701 $aKirshenblatt-Gimblett$b Barbara$0442649 701 $aShandler$b Jeffrey$01804834 801 0$bMiAaPQ 801 1$bMiAaPQ 801 2$bMiAaPQ 906 $aBOOK 912 $a9910958662903321 996 $aAnne Frank unbound$94353075 997 $aUNINA